000 00657nam a2200217Ii 4500
003 JO-AjNU
008 230605s9999||||xx |||||||||||||| ||und||
017 _a2009/4/2221
040 _aJO-AjNU
_bara
_erda
_cJO-AjNU
041 _aara
050 1 4 _aPJ7828 2009
100 3 _aتأليف عميرة،ختام حسين,
_eauthor
_911320
245 0 0 _aنسيم الروح
250 _aط1
264 3 1 _aعمان:أسرة الفن الأردني،2009
300 _a110ص
336 _atext
_btxt
_2rdacontent
337 _aunmediated
_bn
_2rdamedia
338 _avolume
_bnc
_2rdacarrier
650 4 _aالأدب العربي - منوعات أدبية
_911321
999 _aA2262
_c5830
_d5830